Procedimento administrativo nos tribunais de contas e nas câmaras municipais : (Record no. 474)

MARC details
000 -LÍDER
Campo Fixo de Controle 01076nam a2200265 a 4500
001 - NÚMERO DE CONTROLE
Campo de Controle 474
003 - IDENTIFICAÇÃO DO NÚMERO DE CONTROLE
Campo de Controle BR-CuiBMT
005 - DATA E HORA DA ÚLTIMA ATUALIZAÇÃO
Campo de Controle 20231107212915.0
008 - DADOS FIXOS
Dados Fixos 231107s2006 mgb 000 0 por d
020 ## - INTERNATIONAL STANDARD BOOK NUMBER
Nº do ISBN 857308796X
040 ## - AGÊNCIA CATALOGADORA
Código da Agência Catalogadora BR-CuiBMT
Agência que transcreveu o registro BR-CuiBMT
080 ## - Nº DA CLASSIFICAÇÃO DECIMAL UNIVERSAL
Nº Class. CDU 351.94:336.148
Nº edição CDU 2007
090 ## - NÚMERO DE CHAMADA
Nº classificação 351.94:336.148
Cutter S237p
100 1# - ENTRADA PRINCIPAL -- AUTOR PESSOAL
Nome pessoal Santos, Rodrigo Valgas dos
245 10 - TÍTULO PRINCIPAL
Título principal Procedimento administrativo nos tribunais de contas e nas câmaras municipais :
Subtítulo contas anuais, princípios e garantias constitucionais /
Indicação de responsabilidade Rodrigo Valgas dos Santos ; [prefácio Odete Medauar].
246 14 - FORMAS VARIANTES DO TÍTULO
Título principal Procedimento administrativo nos tribunais de contas e nas câmaras municipais :
Subtítulo contas anuais, princípios e garantias constitucionais
260 ## - PUBLICAÇÃO, DISTRIBUIÇÃO, ETC.
Local de publicação Belo Horizonte :
Editora Del Rey,
Data 2006.
300 ## - DESCRIÇÃO FÍSICA
N. páginas ou volumes 255 p. :
Dimensões 23 cm
500 ## - NOTAS GERAIS
Notas gerais Prefácio retirado da capa do livro.
504 ## - NOTA DE BIBLIOGRAFIA, ETC.
Nota de bibliografia Inclui bibliografia.
650 ## - ASSUNTO TÓPICO
Cabeçalho tópico ou nome geográfico Tribunal de contas
Subdivisão geral Fiscalização
650 ## - ASSUNTO TÓPICO
Cabeçalho tópico ou nome geográfico Tribunal de contas
Subdivisão geral Responsabilidade
-- Direito comparado
650 ## - ASSUNTO TÓPICO
Cabeçalho tópico ou nome geográfico Execução orçamentária
942 ## - ELEMENTOS DE ENTRADA ADICIONAIS (KOHA)
Fonte de classificação ou esquema de arquivamento Classificação Decimal Universal
Tipo de item do Koha Livros
Holdings
Estado: removido Estado: perdido Fonte de classificação ou esquema de arquivamento Estado: danificado Indisponível para empréstimo Localização permanente Localização atual Data de aquisição Total Checkouts Número de Chamada completo Código de barras Date last seen Número do exemplar Preço efetivo a partir de Tipo de item (Koha)
    Classificação Decimal Universal     Biblioteca da Escola Superior de Contas do TCE/MT Biblioteca da Escola Superior de Contas do TCE/MT 15/10/2018   351.94:336.148 S237p BIBTCEMT23110232 07/11/2023 Ex. 1 07/11/2023 Livros

Powered by Koha